[Event "China-Africa Friendship"]
[Site "Changsha"]
[Date "2025.06.16"]
[Round "5"]
[White "Liu, Haoling"]
[Black "Lopang, Tshepiso"]
[Result "1-0"]
[WhiteElo "2035"]
[BlackElo "1817"]
[PlyCount "85"]
[EventDate "2025.06.15"]
[EventType "swiss (rapid)"]
[EventRounds "8"]
[EventCountry "CHN"]
[SourceTitle "CB26_2025"]
[SourceDate "2025.06.25"]
[SourceVersion "1"]
[SourceVersionDate "2025.06.25"]
[SourceQuality "1"]

1. d4 d5 2. c4 e6 3. Nf3 Nf6 4. g3 Be7 5. Bg2 0-0 6. 0-0 c6 7. Qc2 h6 8. Nbd2 Nbd7 9. b3 Qc7 10. Bb2 dxc4 11. Nxc4 Nd5 12. e4 N5f6 13. Rac1 Qd8 14. Rfd1 Qe8 15. Ne1 b6 16. Ne5 Bb7 17. Nxc6 Bxc6 18. Qxc6 Rc8 19. Qa4 a5 20. Nd3 Nb8 21. Qxe8 Rfxe8 22. Rxc8 Rxc8 23. Rc1 Rxc1+ 24. Bxc1 Kf8 25. Be3 Bd8 26. a4 Ke7 27. f4 Nbd7 28. Bc1 Ke8 29. Bf3 Bc7 30. Kf2 Kd8 31. h4 Ke8 32. g4 Nf8 33. g5 hxg5 34. fxg5 N6d7 35. h5 Bd6 36. e5 Be7 37. Be4 Kd8 38. Kf3 g6 39. Kg4 gxh5+ 40. Kxh5 Ke8 41. Kh6 Kd8 42. Kg7 Ke8 43. Bc6 1-0

[Event "China-Africa Friendship"]
[Site "Changsha"]
[Date "2025.06.16"]
[Round "8"]
[White "Lopang, Tshepiso"]
[Black "Jin, Ruijun"]
[Result "0-1"]
[WhiteElo "1817"]
[BlackElo "1906"]
[PlyCount "66"]
[EventDate "2025.06.15"]
[EventType "swiss (rapid)"]
[EventRounds "8"]
[EventCountry "CHN"]
[SourceTitle "CB26_2025"]
[SourceDate "2025.06.25"]
[SourceVersion "1"]
[SourceVersionDate "2025.06.25"]
[SourceQuality "1"]

1. d4 d5 2. Nf3 Nf6 3. Bf4 c5 4. e3 Nc6 5. Be2 Bf5 6. 0-0 e6 7. c3 h6 8. Nbd2 cxd4 9. cxd4 Be7 10. Rc1 0-0 11. a3 Nh5 12. b4 Nxf4 13. exf4 Qd6 14. Nb3 Qxf4 15. Nc5 Bxc5 16. dxc5 Be4 17. Nd4 Nxd4 18. Qxd4 e5 19. Qa1 d4 20. f3 Qe3+ 21. Rf2 Bg6 22. Bc4 Rfe8 23. Re1 Qg5 24. f4 exf4 25. Rxe8+ Rxe8 26. Qxd4 Re4 27. Qd5 Qf6 28. h3 Rd4 29. Qxb7 Rxc4 30. Qxa7 Qd4 31. Qa8+ Kh7 32. Qf3 Bc2 33. Kh2 Bd1 0-1

[Event "China-Africa Friendship"]
[Site "Changsha"]
[Date "2025.06.15"]
[Round "1"]
[White "Lopang, Tshepiso"]
[Black "Zhi, Jingyi"]
[Result "0-1"]
[WhiteElo "1817"]
[BlackElo "1668"]
[PlyCount "136"]
[EventDate "2025.06.15"]
[EventType "swiss (rapid)"]
[EventRounds "8"]
[EventCountry "CHN"]
[SourceTitle "CB26_2025"]
[SourceDate "2025.06.25"]
[SourceVersion "1"]
[SourceVersionDate "2025.06.25"]
[SourceQuality "1"]

1. d4 d5 2. Nf3 Nf6 3. Bg5 e6 4. e3 Be7 5. Be2 0-0 6. 0-0 b6 7. Nbd2 Bb7 8. h3 h6 9. Bh4 Nbd7 10. Rc1 Ne4 11. Bxe7 Qxe7 12. Nxe4 dxe4 13. Nd2 e5 14. c3 Rad8 15. Qc2 f5 16. Nc4 f4 17. Nxe5 Nxe5 18. dxe5 f3 19. Bc4+ Kh8 20. g3 Qxe5 21. Rcd1 Rxd1 22. Rxd1 Qh5 23. Kh2 b5 24. Be6 Qe5 25. Qb3 a6 26. Rd4 h5 27. Bd5 h4 28. Rxe4 Qxd5 29. Rxh4+ Kg8 30. Qc2 Qf5 31. Qd2 Bc8 32. Qd4 Qf6 33. Qc5 Qf7 34. Rf4 Qe8 35. Qxc7 Rxf4 36. Qxf4 Qe6 37. Qxf3 Qxh3+ 38. Kg1 Qe6 39. a3 Qa2 40. Qd1 Kf7 41. Qf3+ Ke7 42. Qe4+ Qe6 43. Qh4+ Qf6 44. Qb4+ Kd7 45. Qg4+ Kc7 46. Qf4+ Qxf4 47. gxf4 Bb7 48. Kf1 Bf3 49. Ke1 Kd6 50. Kd2 Kd5 51. Kd3 g6 52. b3 Bg2 53. c4+ bxc4+ 54. bxc4+ Kc5 55. Kc3 Bf1 56. f3 Bxc4 57. e4 Be2 58. f5 g5 59. f6 Kd6 60. e5+ Ke6 61. Kd2 Bxf3 62. Ke3 Bd5 63. Kd4 Ba2 64. Ke4 Bb1+ 65. Kd4 Bg6 66. a4 g4 67. a5 Kf5 68. Kd5 g3 0-1

[Event "Livingstone zt 4.3 (Women)"]
[Site "Livingstone"]
[Date "2017.06.11"]
[Round "3"]
[White "Lopang, Tshepiso"]
[Black "Jambo, Linda"]
[Result "1-0"]
[WhiteElo "1774"]
[BlackElo "1554"]
[PlyCount "145"]
[EventDate "2017.06.10"]
[EventType "swiss"]
[EventRounds "9"]
[EventCountry "ZAM"]
[SourceTitle "EXT 2020"]
[Source "ChessBase"]
[SourceDate "2019.10.17"]
[SourceVersion "1"]
[SourceVersionDate "2019.10.17"]
[SourceQuality "1"]

1. Nf3 Nc6 2. d4 d5 3. Bf4 Bg4 4. e3 a6 5. Be2 e6 6. 0-0 Bd6 7. Bxd6 Qxd6 8. h3 Bh5 9. Nbd2 Nf6 10. c4 0-0 11. Rc1 Rfe8 12. a3 Qd8 13. Qc2 Bg6 14. Bd3 Bxd3 15. Qxd3 h6 16. Qc2 Rc8 17. Qb3 Na5 18. Qb4 b6 19. Qc3 Nxc4 20. Nxc4 dxc4 21. Qxc4 a5 22. Ne5 c5 23. Qd3 Qd5 24. Nc4 Rc6 25. Rfd1 cxd4 26. exd4 Rd8 27. Ne3 Qd7 28. Rxc6 Qxc6 29. Nc4 Rc8 30. b3 a4 31. Ne5 Qc2 32. Qxc2 Rxc2 33. bxa4 Ne4 34. Rb1 Nc3 35. Rxb6 Nxa4 36. Rb8+ Kh7 37. Nxf7 Ra2 38. Rb3 Ra1+ 39. Kh2 Rd1 40. Rb4 Nc3 41. Ne5 Nd5 42. Rc4 Ra1 43. a4 Nb6 44. Rc6 Nxa4 45. Rxe6 Nc3 46. Rc6 Nb5 47. d5 Rd1 48. Rc5 Nd6 49. f3 Kg8 50. Ng4 Kf7 51. Ne3 Rd3 52. Ng4 Rd1 53. Rc7+ Kg6 54. Rc5 h5 55. Nf2 Rd4 56. Rc6 Rxd5 57. Ne4 Kf5 58. Rxd6 Rxd6 59. Nxd6+ Ke5 60. Ne4 Kf5 61. Kg3 g5 62. Kf2 g4 63. Ng3+ Kg5 64. hxg4 hxg4 65. fxg4 Kxg4 66. Ne2 Kh4 67. Kf3 Kg5 68. g4 Kg6 69. Kf4 Kf6 70. Ng3 Kg6 71. Ne4 Kh6 72. Kf5 Kg7 73. Kg5 1-0

[Event "Johannesburg Africa op (Women)"]
[Site "Johannesburg"]
[Date "2015.08.08"]
[Round "3"]
[White "Lopang, Tshepiso"]
[Black "Maharaj, Varsana"]
[Result "1-0"]
[WhiteElo "1766"]
[BlackElo "1349"]
[PlyCount "124"]
[EventDate "2015.08.07"]
[EventType "swiss"]
[EventRounds "7"]
[EventCountry "RSA"]
[SourceTitle "EXT 2016"]
[Source "ChessBase"]
[SourceDate "2015.10.08"]
[SourceVersion "1"]
[SourceVersionDate "2015.10.08"]
[SourceQuality "1"]

1. Nf3 d5 2. d4 Nc6 3. Bf4 f6 4. e3 Bg4 5. Be2 Bxf3 6. Bxf3 e5 7. dxe5 fxe5 8. Bg3 e4 9. Bh5+ g6 10. Be2 Nge7 11. h3 Bg7 12. c3 Nf5 13. Bf4 Be5 14. Bxe5 Nxe5 15. Nd2 Qh4 16. Nf1 Rf8 17. g3 Qd8 18. Qa4+ c6 19. 0-0-0 Qb6 20. Rxd5 Qc7 21. Rd1 Nd6 22. Qd4 Nef7 23. Nd2 Qe7 24. Nc4 Nb5 25. Qd2 Rd8 26. Qc2 Nfd6 27. Nxd6+ Nxd6 28. Bf1 Qf7 29. Rh2 Qxa2 30. Be2 Qa1+ 31. Qb1 Qa4 32. Rd4 Qb3 33. Qa1 c5 34. Rd2 Qb6 35. Qa2 Rf7 36. Qe6+ Kf8 37. Qa2 c4 38. Bxc4 Nxc4 39. Rxd8+ Qxd8 40. Qxc4 Qd3 41. Qxd3 exd3 42. Kd2 Rd7 43. Rh1 Ke7 44. Ra1 a6 45. Ra4 Ke6 46. Rd4 Rxd4 47. exd4 Kd5 48. Kxd3 b6 49. c4+ Kd6 50. Ke4 a5 51. b3 h6 52. g4 Kc6 53. f4 Kd6 54. f5 g5 55. d5 a4 56. bxa4 Ke7 57. Ke5 Kd7 58. f6 Ke8 59. Ke6 Kf8 60. d6 Ke8 61. f7+ Kf8 62. d7 Kg7 1-0

[Event "Johannesburg Africa op (Women)"]
[Site "Johannesburg"]
[Date "2015.08.07"]
[Round "1"]
[White "Lopang, Tshepiso"]
[Black "Surujhlal, Kayla"]
[Result "0-1"]
[WhiteElo "1766"]
[BlackElo "1165"]
[PlyCount "84"]
[EventDate "2015.08.07"]
[EventType "swiss"]
[EventRounds "7"]
[EventCountry "RSA"]
[SourceTitle "EXT 2016"]
[Source "ChessBase"]
[SourceDate "2015.10.08"]
[SourceVersion "1"]
[SourceVersionDate "2015.10.08"]
[SourceQuality "1"]

1. d4 d6 2. c4 Nf6 3. Nc3 g6 4. g3 Bg7 5. Bg2 0-0 6. Nf3 Nbd7 7. 0-0 e5 8. dxe5 dxe5 9. e4 c6 10. Be3 Qe7 11. Qc2 Ne8 12. Rad1 f5 13. exf5 gxf5 14. Bg5 Qf7 15. b3 Qh5 16. Bc1 h6 17. Nh4 e4 18. Ne2 Ne5 19. Nf4 Qf7 20. Bb2 Qc7 21. Nhg6 Nxg6 22. Nxg6 Rf7 23. Nf4 Nf6 24. h3 Bd7 25. Ba3 Bf8 26. Bxf8 Raxf8 27. Rfe1 Rg7 28. Bf1 Qxf4 29. Kh2 Qg5 30. Rd6 f4 31. Qc3 e3 32. g4 Ne4 33. Qd3 Nxd6 34. Qxd6 exf2 35. Re5 Qh4 36. Qd3 Bxg4 37. c5 Bc8 38. Qf3 Rg3 39. Bc4+ Kh8 40. Rh5 Rxf3 41. Rxh4 f1Q 42. Bxf1 Rxf1 0-1

[Event "Africa-ch (Women)"]
[Site "Tunis"]
[Date "2013.05.24"]
[Round "6"]
[White "Elansary, Eman"]
[Black "Lopang, Tshepiso"]
[Result "1-0"]
[WhiteElo "1859"]
[BlackElo "1784"]
[PlyCount "109"]
[EventDate "2013.05.18"]
[EventType "swiss"]
[EventRounds "9"]
[EventCountry "TUN"]
[SourceTitle "CBM 154 Extra"]
[Source "ChessBase"]
[SourceDate "2013.06.25"]
[SourceVersion "2"]
[SourceVersionDate "2013.06.25"]
[SourceQuality "1"]

1. d4 Nf6 2. c4 e6 3. Nc3 Bb4 4. Qc2 b6 5. Bg5 Bb7 6. Nf3 0-0 7. e3 h6 8. Bh4 d6 9. Bd3 Nbd7 10. 0-0 Bxc3 11. bxc3 Qc8 12. e4 e5 13. Bxf6 Nxf6 14. dxe5 dxe5 15. Nxe5 c5 16. f4 Qe6 17. Rae1 Rad8 18. Nf3 Rfe8 19. e5 Nd7 20. Bf5 Qe7 21. e6 Nf6 22. exf7+ Qxf7 23. Ne5 Qc7 24. Ng6 Rd6 25. Rxe8+ Nxe8 26. Re1 Qd8 27. Be6+ Rxe6 28. Rxe6 Nf6 29. Qe2 Kh7 30. Ne7 Qd7 31. Qc2+ Kh8 32. Ng6+ Kg8 33. Re7 Qc6 34. Qd2 Kh7 35. Nf8+ Kh8 36. Ne6 Qe4 37. Nf8 Qb1+ 38. Re1 Qf5 39. Qd8 Qg4 40. Ne6+ Kh7 41. Nf8+ Kh8 42. Ne6+ Kh7 43. Qd3+ Kg8 44. g3 Qh5 45. Qd8+ Kh7 46. Qe7 Qg4 47. Qxb7 Nh5 48. Qe4+ Kg8 49. f5 Qh3 50. Nf4 Nxf4 51. Qxf4 Qh5 52. Qb8+ Kh7 53. Qe8 Qxf5 54. Qe4 Qxe4 55. Rxe4 1-0

[Event "Africa-ch (Women)"]
[Site "Tunis"]
[Date "2013.05.19"]
[Round "2"]
[White "Lahmar, Chaima"]
[Black "Lopang, Tshepiso"]
[Result "0-1"]
[WhiteElo "1509"]
[BlackElo "1784"]
[PlyCount "102"]
[EventDate "2013.05.18"]
[EventType "swiss"]
[EventRounds "9"]
[EventCountry "TUN"]
[SourceTitle "CBM 154 Extra"]
[Source "ChessBase"]
[SourceDate "2013.06.25"]
[SourceVersion "2"]
[SourceVersionDate "2013.06.25"]
[SourceQuality "1"]

1. e4 e5 2. Nf3 Nc6 3. Bc4 Bc5 4. Nc3 Nf6 5. d3 0-0 6. Bg5 h6 7. Bh4 Be7 8. Bxf6 Bxf6 9. Nd5 d6 10. h3 a6 11. Bb3 Na5 12. 0-0 Nxb3 13. axb3 c6 14. Nxf6+ Qxf6 15. Qd2 Bxh3 16. gxh3 Qxf3 17. Qb4 Rae8 18. Kh2 Qf4+ 19. Kg2 Re6 20. Rg1 Rf6 21. Qe1 Qf3+ 22. Kh2 Qxf2+ 23. Rg2 Qxe1 24. Rxe1 Re8 25. Reg1 g6 26. h4 Rf4 27. Kh3 Re6 28. Rg4 Ref6 29. Rxf4 Rxf4 30. Rg2 h5 31. b4 Kh7 32. Re2 f6 33. Rg2 Kh6 34. b3 g5 35. hxg5+ fxg5 36. Re2 Rf3+ 37. Kg2 g4 38. Kg1 h4 39. Kh1 g3 40. Kg2 Rf4 41. Rd2 Kg5 42. Kh3 Rf1 43. Kg2 Re1 44. Kf3 Rf1+ 45. Kg2 Rf4 46. Kh3 Rf3 47. Rg2 Rf1 48. Re2 Rh1+ 49. Kg2 Rh2+ 50. Kf1 Rxe2 51. Kxe2 Kf4 0-1

[Event "Olympiad Women-40"]
[Site "Istanbul"]
[Date "2012.09.09"]
[Round "11.2"]
[White "Nakagawa, Emiko"]
[Black "Lopang, Tshepiso"]
[Result "1-0"]
[WhiteElo "1798"]
[BlackElo "1838"]
[PlyCount "127"]
[EventDate "2012.08.28"]
[EventType "team-swiss"]
[EventRounds "11"]
[EventCountry "TUR"]
[SourceTitle "CBM 150 Extra"]
[Source "ChessBase"]
[SourceDate "2012.10.19"]
[SourceVersion "1"]
[SourceVersionDate "2012.10.19"]
[SourceQuality "1"]
[WhiteTeam "Japan (W)"]
[BlackTeam "Botswana (W)"]
[WhiteTeamCountry "JPN"]
[BlackTeamCountry "BOT"]

1. d4 Nf6 2. c4 d5 3. Nc3 e6 4. Bg5 Be7 5. e3 Nbd7 6. Nf3 0-0 7. Rc1 c6 8. Bd3 dxc4 9. Bxc4 h6 10. Bh4 Nb6 11. Bd3 Nbd5 12. 0-0 Qc7 13. Qe2 Nxc3 14. bxc3 b6 15. e4 c5 16. Bg3 Qd8 17. h3 Bb7 18. Rfd1 Qc8 19. Nd2 Qd7 20. Bb1 g6 21. Nf3 Qa4 22. c4 cxd4 23. Nxd4 Rad8 24. Kh1 Ba3 25. Rc3 Bc5 26. Nb3 Rxd1+ 27. Qxd1 Bxe4 28. f3 Bxb1 29. Qxb1 Qc6 30. Nxc5 Qxc5 31. Qd3 Rc8 32. Rc2 Qc6 33. Bf2 Nd7 34. Qd4 Qa4 35. Rd2 Nf8 36. Qe5 Qa5 37. Qxa5 bxa5 38. Bxa7 Rxc4 39. Rd8 Kg7 40. Bd4+ f6 41. Bxf6+ Kxf6 42. Rxf8+ Ke7 43. Rb8 Ra4 44. Rb2 Kd6 45. Kg1 Kc5 46. Kf1 Rb4 47. Re2 Kd5 48. Rc2 a4 49. Ke2 a3 50. Rd2+ Ke5 51. g3 h5 52. Rc2 Kd4 53. f4 Rb2 54. Kd2 Rxc2+ 55. Kxc2 Ke3 56. Kb3 Kf3 57. Kxa3 Kxg3 58. Kb3 Kxf4 59. a4 Ke4 60. Kc4 g5 61. a5 g4 62. hxg4 hxg4 63. a6 g3 64. a7 1-0

[Event "Olympiad Women-40"]
[Site "Istanbul"]
[Date "2012.08.29"]
[Round "2.2"]
[White "Lopang, Tshepiso"]
[Black "Wafa, Shrook"]
[Result "0-1"]
[WhiteElo "1838"]
[BlackElo "1911"]
[PlyCount "114"]
[EventDate "2012.08.28"]
[EventType "team-swiss"]
[EventRounds "11"]
[EventCountry "TUR"]
[SourceTitle "CBM 150 Extra"]
[Source "ChessBase"]
[SourceDate "2012.10.19"]
[SourceVersion "1"]
[SourceVersionDate "2012.10.19"]
[SourceQuality "1"]
[WhiteTeam "Botswana (W)"]
[BlackTeam "Egypt (W)"]
[WhiteTeamCountry "BOT"]
[BlackTeamCountry "EGY"]

1. c4 e5 2. Nc3 Nc6 3. g3 f5 4. Bg2 Nf6 5. e3 d5 6. Nge2 Be6 7. 0-0 dxc4 8. Bxc6+ bxc6 9. Qa4 Qd7 10. a3 Bd6 11. Na2 f4 12. exf4 exf4 13. Nd4 c5 14. Qxd7+ Bxd7 15. Re1+ Kf7 16. Nf3 Rhe8 17. Nc3 Bc6 18. Ng5+ Kg6 19. Ne6 Kf7 20. Ng5+ Kg8 21. Rf1 h6 22. Nh3 g5 23. f3 fxg3 24. hxg3 Bxg3 25. Kg2 Bd6 26. Kg1 g4 27. fxg4 Nxg4 28. Nf4 Bxf4 29. Rxf4 Re1+ 30. Rf1 Rxf1+ 31. Kxf1 Rf8+ 32. Ke1 h5 33. d3 cxd3 34. Bg5 Rf2 35. b4 c4 36. Ra2 Rf5 37. Bd8 Kf7 38. Bh4 Ne3 39. Bd8 Ng2+ 40. Kd1 h4 41. Bxc7 h3 42. a4 Rf1+ 43. Kd2 Rf2+ 44. Kc1 Rxa2 45. Nxa2 Bxa4 46. Nc3 Bc6 47. Nd1 Nh4 48. Nf2 Nf3 49. Kb2 h2 50. Kc3 Bd5 51. Bf4 Ke6 52. b5 d2 53. Kc2 Be4+ 54. Kd1 Kd5 55. Ke2 c3 56. Ke3 h1Q 57. Nxh1 d1Q 0-1

[Event "Luanda op (Women)"]
[Site "Luanda"]
[Date "2011.05.21"]
[Round "5"]
[White "Conceicao Venancio, Maria"]
[Black "Lopang, Tshepiso"]
[Result "0-1"]
[WhiteElo "1916"]
[BlackElo "1861"]
[PlyCount "49"]
[EventDate "2011.05.17"]
[EventType "tourn"]
[EventRounds "9"]
[EventCountry "ANG"]
[SourceTitle "EXT 2012"]
[Source "ChessBase"]
[SourceDate "2011.11.24"]
[SourceVersion "1"]
[SourceVersionDate "2011.11.24"]
[SourceQuality "1"]

1. d4 d5 2. c4 e6 3. Nc3 Nf6 4. Nf3 Be7 5. e3 0-0 6. Bd2 Nbd7 7. cxd5 exd5 8. Rc1 c6 9. Bd3 h6 10. 0-0 Re8 11. Re1 Bd6 12. Qc2 Nf8 13. Nh4 Ng4 14. Nf3 Nf6 15. e4 dxe4 16. Nxe4 Nxe4 17. Bxe4 Bg4 18. Qb3 Qd7 19. Qc4 Be6 20. d5 cxd5 21. Bxd5 Bxd5 22. Qh4 Bxf3 23. gxf3 Bxh2+ 24. Qxh2 Qxd2 25. Rb1 0-1

[Event "Luanda op (Women)"]
[Site "Luanda"]
[Date "2011.05.19"]
[Round "3"]
[White "Lopang, Tshepiso"]
[Black "Irineia, Gabriel G"]
[Result "1-0"]
[WhiteElo "1861"]
[BlackElo "1418"]
[PlyCount "51"]
[EventDate "2011.05.17"]
[EventType "tourn"]
[EventRounds "9"]
[EventCountry "ANG"]
[SourceTitle "EXT 2012"]
[Source "ChessBase"]
[SourceDate "2011.11.24"]
[SourceVersion "1"]
[SourceVersionDate "2011.11.24"]
[SourceQuality "1"]

1. Nf3 c5 2. b3 d5 3. Bb2 Nc6 4. e3 Bg4 5. Be2 e6 6. h3 Bxf3 7. Bxf3 Nf6 8. 0-0 Bd6 9. Nc3 a6 10. Ne2 Ne5 11. Ng3 Qc7 12. Nh5 Nxh5 13. Bxh5 Rg8 14. d4 Nd7 15. dxc5 Nxc5 16. Bf3 0-0-0 17. Kh1 Kb8 18. Rc1 Qe7 19. Qe2 Qh4 20. c4 dxc4 21. Rxc4 Qe7 22. Rfc1 g6 23. Rb4 Rd7 24. Rcc4 Rdd8 25. Qc2 Nd7 26. Rc7 1-0

[Event "Gaborone zt 4.3 (Women)"]
[Site "Gaborone"]
[Date "2011.04.06"]
[Round "6"]
[White "Sischy, Monique Sian"]
[Black "Lopang, Tshepiso"]
[Result "1-0"]
[WhiteElo "1996"]
[BlackElo "1882"]
[PlyCount "69"]
[EventDate "2011.04.01"]
[EventType "swiss"]
[EventRounds "9"]
[EventCountry "BOT"]
[SourceTitle "EXT 2015"]
[Source "ChessBase"]
[SourceDate "2014.11.20"]
[SourceVersion "1"]
[SourceVersionDate "2014.11.20"]
[SourceQuality "1"]

1. e4 e5 2. Bc4 Nf6 3. d3 Be7 4. Nf3 0-0 5. Nxe5 d6 6. Nf3 Bg4 7. h3 Bh5 8. Nc3 Nc6 9. g4 Bg6 10. Ne2 d5 11. exd5 Nxd5 12. Ng3 Bf6 13. 0-0 Nb6 14. Bb3 Ne5 15. Nxe5 Bxe5 16. Qf3 c6 17. c3 Bf6 18. d4 Nc8 19. Be3 Nd6 20. d5 cxd5 21. Bxd5 Qd7 22. Rad1 Qb5 23. Bf4 Rad8 24. Bb3 Nc4 25. Qe2 Rc8 26. g5 Rfe8 27. Bxc4 Rxc4 28. Qd2 Rxf4 29. Qxf4 Bxg5 30. Qb4 Qa6 31. Rfe1 Rxe1+ 32. Rxe1 h6 33. h4 Bf4 34. h5 Bd3 35. Re8+ 1-0

[Event "Olympiad Women-39"]
[Site "Khanty-Mansiysk"]
[Date "2010.10.01"]
[Round "10.50"]
[White "Gonzalez, Yaribeth"]
[Black "Lopang, Tshepiso"]
[Result "1/2-1/2"]
[WhiteElo "1906"]
[BlackElo "1932"]
[PlyCount "74"]
[EventDate "2010.09.21"]
[EventType "team-swiss"]
[EventRounds "11"]
[EventCountry "RUS"]
[SourceTitle "CBM 139"]
[Source "ChessBase"]
[SourceDate "2010.11.18"]
[SourceVersion "1"]
[SourceVersionDate "2010.11.18"]
[SourceQuality "1"]
[WhiteTeam "Panama (W)"]
[BlackTeam "Botswana (W)"]
[WhiteTeamCountry "PAN"]
[BlackTeamCountry "BOT"]

1. e4 g6 2. d4 Bg7 3. Bc4 e6 4. Nf3 Ne7 5. Be3 b6 6. c3 Bb7 7. Bd3 0-0 8. Qd2 d5 9. e5 Ba6 10. Bxa6 Nxa6 11. Bh6 c5 12. Bxg7 Kxg7 13. h4 cxd4 14. h5 dxc3 15. Nxc3 Rh8 16. Qf4 Nf5 17. g4 Nh6 18. 0-0-0 Rc8 19. Kb1 Rc4 20. Nd4 Nc7 21. hxg6 hxg6 22. g5 Nf5 23. Rxh8 Qxh8 24. Nxf5+ gxf5 25. Rd4 Qh1+ 26. Kc2 Rxd4 27. Qxd4 Qg2 28. Qh4 Kg8 29. g6 Qxg6 30. Qd8+ Kg7 31. Qxc7 f4+ 32. Kb3 Qg2 33. Qe7 Qxf2 34. Qf6+ Kg8 35. Qg5+ Kh7 36. Qh5+ Kg8 37. Qg5+ Kf8 1/2-1/2